Género y sexualidad en disputa : (Record no. 212314)

MARC details
000 -CABECERA
campo de control de longitud fija 02096cam a22002537a 4500
003 - IDENTIFICADOR DEL NÚMERO DE CONTROL
campo de control MX-MxUPN
005 - FECHA Y HORA DE LA ÚLTIMA TRANSACCIÓN
campo de control 20260416084543.0
008 - ELEMENTOS DE LONGITUD FIJA--INFORMACIÓN GENERAL
campo de control de longitud fija 241212s2021 mx| |||fr|||| 00| 0 spa d
020 ## - NÚMERO INTERNACIONAL NORMALIZADO PARA LIBROS
Número Internacional Estándar del Libro 9786073043892
040 ## - FUENTE DE LA CATALOGACIÓN
Centro catalogador/agencia de origen MX-MxUPN
Lengua de catalogación spa
041 0# - CÓDIGO DE IDIOMA
Código de lengua del texto/banda sonora o título independiente spa
050 #4 - SIGNATURA TOPOGRÁFICA DE LA BIBLIOTECA DEL CONGRESO
Número de clasificación HQ65.5 M6
Número de documento/Ítem G46 2021
245 00 - MENCIÓN DE TÍTULO
Título Género y sexualidad en disputa :
Resto del título desigualdades en el derecho a decidir sobre el propio cuerpo desde el campo médico
260 ## - PUBLICACIÓN, DISTRIBUCIÓN, ETC.
Lugar de publicación, distribución, etc. Ciudad de México :
Nombre del editor, distribuidor, etc. Universidad Nacional Autónoma de México, Instituto de Investigaciones Sociales ,
Fecha de publicación, distribución, etc. 2021
300 ## - DESCRIPCIÓN FÍSICA
Extensión 323 páginas
505 0# - NOTA DE CONTENIDO CON FORMATO PREESTABLECIDO
Título A manera de introducción : problematizar el derecho a decidir sobre el propio cuerpo /
Mención de responsabilidad Karina Bárcenas Barajas. --
Título Hacia una sociología de la anticoncepción forzada en México /
Mención de responsabilidad Roberto Castro. --
Título Lo "natural" es político : experiencias sobre la lactancia materna en Ciudad de México y Morelos /
Mención de responsabilidad Ana Paulina Gutiérrez Martínez. --
Título La vacunación contra el virus de papiloma humano en México : un ejemplo de medicalización /
Mención de responsabilidad Erika Pérez Domínguez. --
Título Construcción de género y prevención de embarazo en adolescentes /
Mención de responsabilidad Armando Javier Díaz Camarena. --
Título Un paso atrás, dos adelante : las luchas lésbico, gay, bisexual, trans, y el ascenso del neoliberalimso /
Mención de responsabilidad Mauricio List Reyes. --
Título Barreras subjetivas en el proceso de devenir autónomas : una aproximación feminista-interseccional /
Mención de responsabilidad Tania Esmeralda Rocha Sánchez. --
Título Narrativas y experiencias emocionales : la intersección de la experiencia, la narración y el discurso como acercamiento a las emociones de hombres gay /
Mención de responsabilidad Ignacio Lozano-Verduzco. --
Título El barco como institución total : prácticas de género en pescadores de altamar /
Mención de responsabilidad Carolina Peláez González.
650 #7 - ASIENTO SECUNDARIO DE MATERIA - TERMINO TEMATICO
Término de materia o nombre geográfico como elemento de entrada Derechos sexuales
Subdivisión geográfica México
9 (RLIN) 25205
650 #4 - ASIENTO SECUNDARIO DE MATERIA - TERMINO TEMATICO
Término de materia o nombre geográfico como elemento de entrada Derechos reproductivos
Subdivisión geográfica México
9 (RLIN) 25521
650 #4 - ASIENTO SECUNDARIO DE MATERIA - TERMINO TEMATICO
Término de materia o nombre geográfico como elemento de entrada Salud mental
Subdivisión geográfica México
9 (RLIN) 22898
700 1# - ASIENTO SECUNDARIO--NOMBRE DE PERSONAL
Nombre de persona Bárcenas Barajas, Karina B.
Forma completa/desarrollada del nombre (Karina Berenice)
9 (RLIN) 55361
Término indicativo de función/relación coordinación
902 ## - ELEMENTOS DE DATOS B LOCAL, LDB (RLIN)
Creó MarisolLicea/12122024
Modificó VíctorGodínez/150426
942 ## - ELEMENTOS DE PUNTO DE ACCESO ADICIONAL (KOHA)
Fuente del sistema de clasificación o colocación Library of Congress Classification
Tipo de ítem Koha Libro
Holdings
Estado de retiro Estado de pérdida Fuente del sistema de clasificación o colocación Estado dañado No para préstamo Código de colección Localización permanente Ubicación/localización actual Ubicación en estantería Fecha de adquisición Total de préstamos Clasificación Código de barras Fecha visto por última vez Tipo de ítem Koha
    Library of Congress Classification     Colección General Bib. Gregorio Torres Quintero Bib. Gregorio Torres Quintero Planta baja 12/12/2024   HQ65.5 M6 G46 2021 338360 12/12/2024 Libro